Reflections of mind (Record no. 1079214)

MARC details
000 -LEADER
fixed length control field 00711nam a2200265Ia 4500
003 - CONTROL NUMBER IDENTIFIER
control field OSt
005 - DATE AND TIME OF LATEST TRANSACTION
control field 20221006144213.0
008 - FIXED-LENGTH DATA ELEMENTS--GENERAL INFORMATION
fixed length control field 221006b |||||||| |||| 00| 0 eng d
020 ## - INTERNATIONAL STANDARD BOOK NUMBER
International Standard Book Number 0913546143
-- .95
037 ## - SOURCE OF ACQUISITION
Terms of availability Textual
040 ## - CATALOGING SOURCE
Original cataloging agency EASL
Transcribing agency EASL
Language of cataloging eng
041 ## - LANGUAGE CODE
Source of code eng
Language code of text/sound track or separate title eng
100 ## - MAIN ENTRY--PERSONAL NAME
Personal name Tulku Tarthang Ed.
9 (RLIN) 85148
245 #0 - TITLE STATEMENT
Title Reflections of mind
Remainder of title Western Psychology meets Tibetan Buddhism
260 ## - PUBLICATION, DISTRIBUTION, ETC.
Place of publication, distribution, etc. California
Name of publisher, distributor, etc. Dharma Pub
Date of publication, distribution, etc. 1975
300 ## - PHYSICAL DESCRIPTION
Extent 198p.
Dimensions cm.
490 ## - SERIES STATEMENT
Volume/sequential designation Gen
650 ## - SUBJECT ADDED ENTRY--TOPICAL TERM
Topical term or geographic name entry element Gen
942 ## - ADDED ENTRY ELEMENTS (KOHA)
Classification part R8498, L51
Koha item type Textual
Source of classification or shelving scheme Colon Classification (CC)
Holdings
Withdrawn status Lost status Source of classification or shelving scheme Damaged status Not for loan Home library Current library Date acquired Serial Enumeration / chronology Total Checkouts Full call number Barcode Date last seen Price effective from Koha item type
    Colon Classification (CC) Damaged   Department of East Asian Studies Library Department of East Asian Studies Library 2022-10-06 Gen   R8498 L51 EA0555159 2022-10-06 2022-10-06 Textual
Copyright @ Delhi University Library System